Vista normal Vista MARC

Entrada Materia (geográfica)

Número de registros utilizados en: 1

001 - CONTROL NUMBER

  • control field: 56869

003 - CONTROL NUMBER IDENTIFIER

  • control field: Co-BoUCM

005 - DATE AND TIME OF LATEST TRANSACTION

  • control field: 20140220114003.0

008 - FIXED-LENGTH DATA ELEMENTS

  • fixed length control field: 140220|| aca||aabn | a|a d

040 ## - CATALOGING SOURCE

  • Original cataloging agency: Co-BoUCM
  • Transcribing agency: Co-BoUCM

151 ## - HEADING--GEOGRAPHIC NAME

  • Geographic name: East Asia
  • General subdivision: Relations
  • Geographic subdivision: Russia (Federation)

670 ## - SOURCE DATA FOUND

  • Source citation: Work cat.: (Co-BoUCM)184433: Rozman, Gilbert 56866, Northeast Asia's stunted regionalism, 2004